000 00234nam a2200109 4500
082 _aMIC
100 _aMicrosoft
245 _aMicrosoft Excel Function and Macros
260 _aUSA:
_bMicrosoft,
_c1993.
300 _a317p. ;
942 _cBK
999 _c9288
_d9288